[Event "IND-chT"]
[Site "Gurgaon"]
[Date "2010.02.25"]
[Round "6"]
[White "Ravi, Prakash"]
[Black "Jitendra, Choudhury"]
[Result "1-0"]
[WhiteElo "2285"]
[BlackElo "1809"]
[PlyCount "42"]
[EventDate "2010.02.21"]
[EventType "team"]
[EventRounds "9"]
[EventCountry "IND"]
[SourceTitle "CBM 135 Extra"]
[Source "ChessBase"]
[SourceDate "2010.05.04"]
[SourceVersion "1"]
[SourceVersionDate "2010.05.04"]
[SourceQuality "1"]

1. e4 c5 2. c3 e5 3. Nf3 Nc6 4. Bc4 Be7 5. d4 d6 6. dxc5 dxc5 7. Qb3 Be6 8. Bxe6 fxe6 9. Qxb7 Rc8 10. Qb5 Qd6 11. Ke2 Rb8 12. Qc4 Rd8 13. Na3 Qd7 14. Be3 Nf6 15. Rhd1 Qc8 16. Rxd8+ Nxd8 17. Qb5+ Kf8 18. Nxe5 Nxe4 19. Rd1 Nf6 20. Nac4 Nd5 21. Nd7+ Kg8 1-0